Top 30 Best NBA Players - 25-26 Season - Statistics

General Stats
  • This quiz has been taken 58 times
  • The average score is 29 of 30
Answer Stats
# Team Answer % Correct
6. Timberwolves Anthony Edwards
100%
10. Pistons Cade Cunningham
100%
8. Cavaliers Donovan Mitchell
100%
5. Bucks Giannis Antetokounmpo
100%
13. Celtics Jayson Tatum
100%
20. 76ers Joel Embiid
100%
4. Lakers Luka Doncic
100%
1. Nuggets Nikola Jokic
100%
2. Thunder Shai Gilgeous-Alexander
100%
7. Warriors Stephen Curry
100%
16. Pacers Tyrese Haliburton
100%
3. Spurs Victor Wembanyama
100%
17. Suns Devin Booker
98%
15. Knicks Jalen Brunson
98%
9. Clippers Kawhi Leonard
98%
14. Rockets Kevin Durant
98%
18. Lakers LeBron James
98%
11. Celtics Jaylen Brown
96%
21. Knicks Karl-Anthony Towns
96%
12. 76ers Tyrese Maxey
94%
19. Wizards Anthony Davis
92%
25. Heat Bam Adebayo
92%
23. Cavaliers James Harden
92%
22. Mavericks Kyrie Irving
92%
24. Wizards Trae Young
92%
26. Nuggets Jamal Murray
90%
29. Magic Paolo Banchero
88%
27. Raptors Scottie Barnes
84%
28. Hawks Jalen Johnson
82%
30. Trailblazers Damian Lillard
80%
No matching quizzes found
Score Distribution
Percent of People with Each Score
Percentile by Number Answered
Your Score History
You have not taken this quiz